Library Banner

بینظیر اور فوج (Record no. 68233)

MARC details
000 -LEADER
fixed length control field 00421nam a22001457a 4500
005 - DATE AND TIME OF LATEST TRANSACTION
control field 20150325160935.0
008 - FIXED-LENGTH DATA ELEMENTS--GENERAL INFORMATION
fixed length control field 150325b xxu||||| |||| 00| 0 eng d
040 ## - CATALOGING SOURCE
Transcribing agency PK-LaUMT
082 ## - DEWEY DECIMAL CLASSIFICATION NUMBER
Classification number KHC 320.409
Item number ADE-B
100 ## - MAIN ENTRY--PERSONAL NAME
Personal name ادیب جاودائی
245 ## - TITLE STATEMENT
Title بینظیر اور فوج
Statement of responsibility, etc ادیب جاودائی
260 ## - PUBLICATION, DISTRIBUTION, ETC. (IMPRINT)
Place of publication, distribution, etc لاہور
Name of publisher, distributor, etc ادارہ مومن پبلیکیشنز
Date of publication, distribution, etc [N.D]
300 ## - PHYSICAL DESCRIPTION
Extent 208 ص
942 ## - ADDED ENTRY ELEMENTS (KOHA)
Koha item type Books
Holdings
Withdrawn status Lost status Damaged status Home library Current library Date acquired Full call number Barcode Date last seen Price effective from Koha item type
      UMT Main Campus UMT Main Campus 2015-03-25 KHC 320.409 ADE-B 70939 2015-03-25 2015-03-25 Books